| 000 | 00987cam a2200253 i 4500 | ||
|---|---|---|---|
| 003 | SA-RiAUC | ||
| 005 | 20250118123936.0 | ||
| 008 | 250104s1982 iq g 00000 ara c | ||
| 040 |
_aSA-RiAUC _bara _cSA-RiAUC _erda |
||
| 082 | 0 | 4 | _a250 |
| 090 |
_a250 _b ز ي د |
||
| 100 | 1 |
_aزيدان، عبد الكريم، _d1917-2014 _eمؤلف. |
|
| 245 | 1 | 2 |
_aالمدخل لدراسة الشريعة الإسلامية / _cتأليف عبد الكريم زيدان. |
| 250 | _aالطبعة السابعة، منقحة. | ||
| 264 | 1 |
_aبغداد : _aبيروت : _bمكتبة القدس ؛ _bمؤسسة الرسالة، _c1982 |
|
| 300 |
_a424 صفحة ؛ _c24سم |
||
| 336 |
_aنص _btxt _2rdacontent _3كتاب |
||
| 337 |
_aبدون وسيط _bn _2rdamedia |
||
| 338 |
_aمجلد _bnc _2rdacarrier |
||
| 650 | 7 |
_aالشريعة الإسلامية _2aucsh |
|
| 650 | 7 |
_aأصول الفقه الإسلامي _2aucsh |
|
| 942 |
_2ddc _cBOOK _n0 |
||
| 949 |
_aSA-JeALM _d250104 _umohamedma123 _n1 |
||
| 999 |
_c4921 _d4921 |
||